Estatísticas para Cultura Geral

Clique aqui para jogar o quiz

Estatísticas Gerais

  • Esse quiz foi jogado 26 vezes
  • A pontuação média é 8 de 15

Estatísticas das Respostas

HintResposta% Correto
Qual é o feminino de cavalo?Égua
100%
Em que país podemos encontrar a cidade de Cancún?México
95%
Que consola de jogos da Microsoft começa com a letra X?Xbox
86%
Qual é o maior estádio de Londres?Wembley
76%
Que instrumento musical começa com a letra X?Xilofone
71%
Em que estádio joga o Manchester United?
Old Trafford
62%
Como se diz Olá em italiano?Ciao
52%
A que país pertence o prato bratwurst?Alemanha
48%
A que país pertence o prato Pączki?Polónia
48%
Em que país podemos encontrar a cidade de Brisbane?Austrália
43%
A que país pertence o prato Clam Chowder?Estados Unidos
38%
A que país pertence o prato Poutine?Canadá
24%
Que desporto tem uma bola branca, 15 bolas vermelhas e 6 bolas coloridas?Snooker
14%
Que nome damos a um material que muda a cor da luz transmitida ou refletida como resultado de uma absorção seletiva num dado comprimento de onda?Pigmento
10%
Que nome damos á fração da luz incidente com um comprimento de onda específico, que atravessa uma amostra de matéria?Transmitância
0%

Distribuição das Pontuações

Percentil de Números Respondidos

Porcentagem de Pessoas com Cada Pontuação

Sua Pontuação Histórica

Você não jogou esse quiz